Normal view
MARC view
- Ansari, Umer Mustafa
Entry Personal Name
001 - CONTROL NUMBER
- control field: 7199
003 - CONTROL NUMBER IDENTIFIER
- control field: NUST
005 - DATE AND TIME OF LATEST TRANSACTION
- control field: 20171213102327.0
008 - FIXED-LENGTH DATA ELEMENTS
- fixed length control field: 171213|| aca||aabn | a|a d
040 ## - CATALOGING SOURCE
- Original cataloging agency: NUST
- Transcribing agency: NUST
100 ## - HEADING--PERSONAL NAME
- Personal name: Ansari, Umer Mustafa
670 ## - SOURCE DATA FOUND
- Source citation: Work cat.: (NUST): Ansari, Umer Mustafa, Islami micro finance bank:, 2009
